Rozhodli ste sa podnikať? Dobre si zvážte, čo vás čaká a neminie

Významná úloha malých a stredných podnikov v štruktúre podnikateľských subjektov. Poradenstvo pre podnikateľov. Odpovede na základné otázky pri vypracovávaní podnikateľských zámerov v malých a stredných podnikoch.

Salvato in:
Dettagli Bibliografici
Autore principale: Šúbertová, Elena
Natura: Capitolo di libro
Lingua:slovacco
Soggetti:
Tags: Aggiungi Tag
Nessun Tag, puoi essere il primo ad aggiungerne!!

MARC

LEADER 00000naa a2200000 4500
001 r016373
005 20221213114230.4
041 0 |a slo 
044 |a SK 
245 1 0 |a Rozhodli ste sa podnikať?  |b Dobre si zvážte, čo vás čaká a neminie  |c Elena Šúbertová 
520 |a Významná úloha malých a stredných podnikov v štruktúre podnikateľských subjektov. Poradenstvo pre podnikateľov. Odpovede na základné otázky pri vypracovávaní podnikateľských zámerov v malých a stredných podnikoch. 
610 2 0 |a podnikanie 
610 2 0 |a podnik malý 
610 2 0 |a podnik stredný 
610 2 0 |a stratégia podniková 
610 2 0 |a poradenstvo 
100 1 |a Šúbertová, Elena